[Event "10th Konjic 2021"]
[Site "Konjic"]
[Date "2021.02.27"]
[Round "2.5"]
[White "Burovic, Rijad"]
[Black "Mrndjic, Muamer"]
[Result "1-0"]
[WhiteElo "2444"]
[BlackElo "2257"]
[Annotator "TA"]
[PlyCount "56"]
[EventDate "2021.02.26"]
[EventType "tourn"]
[EventCountry "BIH"]
[SourceTitle "playchess.com"]
[Source "ChessBase"]
[SourceQuality "1"]

{[%evp 9,56,-20,-4,0,7,10,25,4,0,-17,-24,-25,-20,-35,-15,-20,0,0,0,-13,-18,-33,-19,-56,-62,-68,-63,-53,-30,-47,-59,-39,-49,-53,-54,-53,-65,-72,0,0,0,0,9,0,0,0,0,0,0]} 1. e4 e5 2. f4 exf4 3. Nf3 Be7 4. Bc4 c6 5. Nc3 {[%cal Bb1c3,Bc3e2,Be2f4][%mdl 32]} d5 6. exd5 {C35: King's Gambit Accepted: 3 Nf3 Be7.} b5 7. Bb3 b4 8. Ne2 {next dxc6 is good for White.White has an edge.} cxd5 9. Nxf4 Nf6 10. O-O O-O {[#]} 11. d4 $146 ({Predecessor:} 11. Ne5 Bb7 12. d4 Nc6 13. Be3 Na5 14. Ba4 Nc4 15. Qc1 Nxe5 16. dxe5 Ng4 17. Bd4 {1-0 (31) Segers,V-Klaric,Z (2405) Belfort 1988}) 11... a5 {Hoping for ...a4.} 12. c3 Bb7 13. cxb4 axb4 14. Be3 Nc6 {[%cal Bb8c6,Bc6a5,Ba5c4,Bc4e3][%mdl 32]} 15. Ne5 Na5 16. Bc2 Nc4 17. Qf3 {With the idea Nxc4.} Nxe3 18. Qxe3 Ne4 19. Kh1 Bg5 20. Bb3 Ra6 21. Rf3 Rf6 22. Raf1 g6 23. Qe1 Bxf4 (23... Ba6 $1 $17 {...Bxf4 is the strong threat.} 24. Nxd5 Rxf3 25. gxf3 (25. Rxf3 Nd2 $17) 25... Bxf1 26. fxe4 Ba6) 24. Rxf4 $11 {The position is equal.} Rxf4 25. Rxf4 Qe7 26. Nd3 Re8 27. h3 ({Not} 27. Nxb4 $2 {[#]} Ng3+ $1 {[%mdl 512]} 28. hxg3 Qxe1+ $19) (27. Qxb4 $2 Nf2+ $1 {[%mdl 512]} 28. Kg1 Nxd3 $19) 27... Qg5 {And now ...Ng3+ would win.} 28. Rf3 Ba6 {[%mdl 32768] Weighted Error Value: White=0.07/Black=0.07. Loss on time!?} 1-0

[Event "10th Konjic 2021"]
[Site "Konjic"]
[Date "2021.02.27"]
[Round "3.1"]
[White "Mrndjic, Muamer"]
[Black "Zenelaj, Samuel"]
[Result "0-1"]
[WhiteElo "2257"]
[BlackElo "2208"]
[Annotator "TA"]
[PlyCount "110"]
[EventDate "2021.02.26"]
[EventType "tourn"]
[EventCountry "BIH"]
[SourceTitle "playchess.com"]
[Source "ChessBase"]
[SourceQuality "1"]

{[%evp 18,110,14,0,0,-25,0,0,20,19,20,0,5,11,21,0,0,0,6,-24,0,-10,0,0,14,-31,0,0,14,0,29,4,17,30,31,0,0,-36,0,-95,-9,-11,-8,-12,-10,-10,-14,-94,-64,-65,-59,-139,-131,-139,-138,-120,-86,-84,-83,-81,-62,-110,-45,-84,-80,-83,-89,-91,-87,-193,-194,-189,-195,-168,-152,-135,0,0,0,-256,-245,-387,-372,-370,-373,-493,-483,-544,-537,-604,-603,-856,-856,-12838,-12838]} 1. d4 Nf6 2. Nf3 g6 3. c4 Bg7 4. Nc3 O-O 5. e4 d6 6. Be2 e5 7. dxe5 dxe5 8. Bg5 Nbd7 9. O-O c6 $1 {The main line 9...c6 scores better than 9...h6.} 10. Qd6 Re8 {[#] E94: King's Indian: Classical: 6 Be2 e5 7 0-0: Various Black 7th moves.} 11. a3 $146 ({Predecessor:} 11. Rfd1 Bf8 12. Qd2 Qc7 13. Bh6 Nc5 14. Bxf8 Rxf8 15. Qe3 Ne6 16. h3 Nf4 17. Bf1 Kg7 18. Qc5 {0-1 (65) Vilimova,J (1953)-Vystrcil,M (2106) Ricany 2019}) 11... Bf8 12. Qd2 Be7 {The position is equal.} 13. Rfd1 Qc7 14. Qc2 Nf8 15. h3 Nh5 16. Bxe7 Qxe7 17. Qd2 Nf4 18. Qd6 (18. Bf1 {seems wilder.} f6 19. Qe3 Be6 20. Rd2 b6 21. h4) 18... Nd7 19. Qxe7 Rxe7 20. Bf1 Ne6 21. Rd6 f6 22. b4 Nc7 23. Na4 Re6 24. Rd2 Kf8 25. Rad1 Re7 26. b5 Nb6 27. Rd8+ Re8 28. Nc5 (28. Nxb6 $1 $11 axb6 29. bxc6) 28... Ne6 (28... cxb5 $1 $17 29. cxb5 Ne6 30. Rxe8+ Kxe8) 29. Nxe6+ $11 Bxe6 30. Rxa8 Rxa8 31. bxc6 bxc6 32. Rd6 (32. c5 $1 $11 {remains equal.} Na4 33. Rd6 Nxc5 34. Rxc6) 32... Bd7 $17 33. c5 {[#]} ({Wrong is} 33. Rxf6+ $2 Ke7 $19) 33... Ke7 $1 34. g4 (34. Rd2 $15) 34... Na4 35. Rd1 Nxc5 36. g5 Nxe4 37. gxf6+ Nxf6 38. Nxe5 c5 39. Rb1 {[#]} Kd6 (39... Be6 $1 $17 40. Bg2 Bd5 41. Bxd5 Nxd5 42. Rb7+ Ke6) 40. f4 Bc6 41. Rd1+ {[#]} Bd5 $1 42. Bg2 Ke6 43. Bf1 (43. Nc4 $17 {was necessary.}) 43... Rc8 $19 44. h4 {Threatens to win with Bh3+.} Rc7 45. Bh3+ Kd6 46. Bf1 Nh5 (46... Ke7 $17 47. Nc4 Be6) 47. Nc4+ $11 Kc6 48. Ne3 $2 {[%mdl 8192]} (48. Ne5+ $11 Kd6 49. Nc4+ Kc6 50. Ne5+ Kd6) 48... Nxf4 $19 49. Nxd5 (49. a4 $142 Bb3 50. Bb5+ Kb6 51. Rb1) 49... Nxd5 {[%mdl 4096] Endgame KRB-KRN} 50. Bg2 Rd7 51. Kf2 c4 {[%cal Bc5c4,Bc4c3][%mdl 32] Black is clearly winning.} 52. Rb1 Kc5 53. Rb8 Kd4 54. Rc8 c3 55. Bf1 Rc7 {Weighted Error Value: White=0.56/Black=0.16} 0-1

[Event "10th Konjic 2021"]
[Site "Konjic"]
[Date "2021.02.27"]
[Round "3.2"]
[White "Ristic, Nenad"]
[Black "Burovic, Rijad"]
[Result "1-0"]
[WhiteElo "2330"]
[BlackElo "2444"]
[Annotator "TA"]
[PlyCount "109"]
[EventDate "2021.02.26"]
[EventType "tourn"]
[EventCountry "BIH"]
[SourceTitle "playchess.com"]
[Source "ChessBase"]
[SourceQuality "1"]

{[%evp 20,109,39,0,15,0,0,-16,5,8,13,10,9,0,0,0,10,-15,-32,-29,13,0,20,0,0,0,0,0,0,0,0,0,0,0,0,0,0,0,0,0,0,0,0,0,0,-38,-41,-36,-22,-34,0,-37,-31,-31,-23,-80,0,0,0,0,0,0,1443,1399,1395,1339,1339,1342,1301,1212,1117,1054,691,681,29967,29967,29968,29969,29969,29973,29972,29973,29973,29969,29974,29974,29974,29975,29976,29977,29977,29978]} 1. e4 e6 2. d4 d5 3. Nd2 c5 4. Ngf3 cxd4 5. exd5 Qxd5 6. Bc4 Qd6 7. O-O Nf6 8. Nb3 Nc6 9. Nbxd4 Nxd4 10. Nxd4 a6 11. Bd3 Qc7 {C07: French Tarrasch: 3...c5, 4 Ngf3 and 4 exd5 Qxd5.} ({Don't go for} 11... Qxd4 $2 12. Bb5+ $1 {[%mdl 512]} Bd7 13. Qxd4 $18) 12. Nf3 (12. Qe2 {keeps more tension.} Bd6 13. g3 O-O 14. Bg5 Nd5 15. c3) 12... Bd6 13. Qe2 b6 {The position is equal.} 14. Bg5 {[#]} Bb7 $146 ({Predecessor:} 14... Nd5 15. Be4 Bb7 16. Rad1 h6 17. Bxd5 Bxd5 18. Rxd5 hxg5 19. g3 Be7 20. Rd4 Bf6 21. Rc4 Qb7 22. Rb4 Rd8 23. Re1 b5 24. a4 Be7 25. Rb3 b4 26. Ne5 {½-½ (26) Popovic,P (2533)-Jeremic,V (2484) Banja Koviljaca 2002}) 15. Bxf6 gxf6 16. Be4 O-O 17. Rad1 {Strongly threatening Bxb7.} Rfd8 18. Rd3 Bxe4 19. Qxe4 Be7 20. Rfd1 Rxd3 21. Rxd3 Rd8 22. g3 Rxd3 23. Qxd3 b5 24. c3 Bc5 25. Nd2 Bb6 26. Kg2 Kg7 27. b4 Qa7 28. Qe2 Qd7 29. c4 bxc4 30. Nxc4 Qd5+ 31. f3 Ba7 32. a4 h5 33. Na5 Bb6 34. Nc4 Ba7 35. Na5 h4 36. gxh4 Bb8 37. b5 (37. Nc4 $11 {remains equal.}) 37... axb5 (37... Bf4 $17) 38. axb5 $11 Bc7 39. Nc6 f5 40. Kh3 e5 $2 {[%mdl 8192] [#] White leaves nothing to chance now.} (40... Kf8 $11) 41. Qg2+ $1 $18 Kf8 {[#]} 42. Qg8+ $1 {[%mdl 576] Deflection, Decoy} Kxg8 43. Ne7+ {[%mdl 64] Double Attack} Kg7 44. Nxd5 {[%mdl 4096] Endgame KB-KN} Bd6 45. b6 Kg6 46. b7 f4 {[#]} 47. Ne7+ $1 {[%mdl 512] White mates.} Kh5 (47... Kf6 48. Nc6) 48. Nc6 f5 49. b8=Q Bxb8 50. Nxb8 {KN-K3P} e4 51. Nc6 exf3 52. Nd4 f2 53. Kg2 Kxh4 54. Kxf2 Kh3 55. Nf3 {Weighted Error Value: White=0.07/Black=0.24} 1-0

[Event "10th Konjic 2021"]
[Site "Konjic"]
[Date "2021.02.27"]
[Round "3.3"]
[White "Dumpor, Atif"]
[Black "Muratovic, Efim"]
[Result "1/2-1/2"]
[WhiteElo "2268"]
[BlackElo "2365"]
[Annotator "TA"]
[PlyCount "50"]
[EventDate "2021.02.26"]
[EventType "tourn"]
[EventCountry "BIH"]
[SourceTitle "playchess.com"]
[Source "ChessBase"]
[SourceQuality "1"]

{[%evp 19,50,-6,-12,-1,-3,-22,-7,-79,-40,-80,-48,-58,-18,-48,-45,-50,0,-46,-44,-67,-67,-67,-77,-81,-39,-55,-55,-55,-37,-62,-31,-19,-18]} 1. d4 d5 2. Nf3 Nf6 3. g3 c6 4. Bg2 Bf5 5. O-O h6 6. Nbd2 e6 7. c4 Nbd7 8. b3 Be7 9. Bb2 O-O 10. Ne5 a5 11. Nxd7 {D11: Slav Defence: 3 Nf3 sidelines and 3...Nf6 4 e3 Bg4.} Qxd7 12. Nf3 Qc7 {[#]} 13. c5 $146 (13. a4 $11) ({Predecessor:} 13. cxd5 exd5 14. a4 b5 15. Ne5 bxa4 16. bxa4 Rab8 17. Qc1 Rfc8 18. Ba3 Bxa3 19. Rxa3 {1-0 (73) Margl,R (2038)-Nemeth,Z (2004) Hungary 2015}) 13... Nd7 14. Rc1 Bf6 15. Qd2 Be4 16. Qf4 Qxf4 17. gxf4 g5 18. fxg5 (18. Ne5 $5 {[%cal Re5d7]} Bxg2 19. Kxg2 Bxe5 20. fxe5 $11) 18... hxg5 19. h3 Kg7 20. Ne5 Bxe5 21. dxe5 Bf5 22. f4 Rh8 23. Rc3 gxf4 24. Rxf4 Bg6 25. e4 Rh5 {Weighted Error Value: White=0.23/Black=0.21} 1/2-1/2

[Event "10th Konjic 2021"]
[Site "Konjic"]
[Date "2021.02.27"]
[Round "3.4"]
[White "Kamer, Kayra"]
[Black "Stocko, Josip"]
[Result "1-0"]
[WhiteElo "2339"]
[BlackElo "2230"]
[Annotator "TA"]
[PlyCount "53"]
[EventDate "2021.02.26"]
[EventType "tourn"]
[EventCountry "BIH"]
[SourceTitle "playchess.com"]
[Source "ChessBase"]
[SourceQuality "1"]

{[%evp 22,53,3,0,22,18,16,0,30,14,41,30,50,39,73,77,70,62,242,267,424,424,555,547,560,556,835,806,1135,1105,1680,1687,2749,1744]} 1. e4 c5 2. Nf3 d6 3. d4 cxd4 4. Nxd4 Nf6 5. Nc3 a6 6. Be2 e5 7. Nb3 Be7 8. Be3 Be6 9. Nd5 Nbd7 10. Qd3 O-O 11. O-O Bxd5 12. exd5 h5 {[#] B92: Sicilian Najdorf: 6 Be2.} 13. h3 $146 ({Predecessor:} 13. Kh1 Ng4 14. Bxg4 hxg4 15. f3 Nf6 16. f4 exf4 17. Rxf4 Qd7 18. Raf1 Rae8 19. c4 Nh7 20. R4f2 {½-½ (35) Fedoseev,V (2664)-Ganguly,S (2658) Khanty-Mansiysk 2019}) 13... g6 14. c4 a5 {The position is equal.} 15. a4 b6 16. f4 exf4 17. Bxf4 Nc5 18. Nxc5 bxc5 19. Rae1 Re8 $2 (19... Nh7 $1 $14) 20. Bh6 $18 Qd7 (20... Qb6 $142 21. Qf3 Qxb2) 21. Qc3 {White is clearly winning.} Qd8 22. Rf3 Ra7 23. Ref1 Bf8 24. Bxf8 ({And not} 24. Qxf6 Qxf6 25. Rxf6 Bxh6 $17) ({Not} 24. Rxf6 Bxh6 25. Qc2 Bg7 $17) 24... Rxe2 25. Rxf6 Qxf8 {[#]} 26. Rxg6+ $3 {[%mdl 576] Pin} Kh7 {[#]} (26... fxg6 27. Rxf8+) 27. Qd3 $1 {[%mdl 512] Black did not feel at home in the position after the opening.  Weighted Error Value: White=0.03/Black=0.71} 1-0

[Event "10th Konjic 2021"]
[Site "Konjic"]
[Date "2021.02.27"]
[Round "3.5"]
[White "Runic, Zoran"]
[Black "Isik, Alparslan"]
[Result "0-1"]
[WhiteElo "2378"]
[BlackElo "2321"]
[Annotator "TA"]
[PlyCount "82"]
[EventDate "2021.02.26"]
[EventType "tourn"]
[EventCountry "BIH"]
[SourceTitle "playchess.com"]
[Source "ChessBase"]
[SourceQuality "1"]

{[%evp 9,82,11,11,11,12,12,14,4,3,3,13,8,15,0,6,0,12,2,2,-24,12,0,0,0,31,-4,-4,0,-2,-6,-6,-27,-18,-23,-18,-22,-20,-79,-34,-32,-29,-65,-23,-78,-89,-81,-71,-185,-177,-184,-182,-210,-186,-190,-190,-229,-240,-248,-232,-261,-202,-407,-401,-385,-309,-267,-243,-325,-309,-320,-332,-640,-587,-4610,-4610]} 1. e4 c5 2. Nf3 d6 3. Bb5+ Nc6 4. d4 cxd4 5. Qxd4 a6 6. Bxc6+ {B53: Sicilian: 2...d6: Lines with Qxd4.} bxc6 7. c4 e5 8. Qd3 {The position is equal.} Ne7 9. c5 Ng6 10. cxd6 $1 Qxd6 {[#]} 11. Qc2 $146 ({Predecessor:} 11. Qxd6 Bxd6 12. O-O Bg4 13. Nbd2 f6 14. Rd1 O-O-O 15. h3 Be6 16. Nb3 Bxb3 17. axb3 {½-½ (35) Shubin,K (2370)-Santos Latasa,J (2582) Skopje 2019}) 11... Bg4 12. Nbd2 $1 Qc5 13. Nc4 Be6 14. Nfd2 Be7 15. b3 O-O 16. O-O Nf4 17. Nf3 {aiming for Be3.} (17. Ba3 {is more complex.} Qa7 18. Bxe7 Qxe7 19. Nf3 f6 20. Ne3) 17... Bxc4 18. bxc4 Ne6 19. Be3 Qa5 20. Rfd1 Bc5 21. Qd2 Qxd2 22. Bxd2 f6 23. Bc3 (23. Ba5 $1 $11) 23... Rfd8 24. Kf1 Rab8 25. g3 Bd4 26. Nxd4 (26. Bxd4 $11 {keeps the balance.} exd4 27. Rdb1) 26... exd4 $17 {Black converts the advantage convincingly.} 27. Ba5 Rd7 28. Rd2 {[#]} (28. e5 $17 {was called for.}) 28... Ng5 $1 $19 29. Rad1 c5 ({And not} 29... Nxe4 30. Rxd4 Rxd4 31. Rxd4 $11) 30. Re2 Re7 31. Kg2 Rxe4 32. Rxe4 Nxe4 {[%mdl 4096] Endgame KRB-KRN} 33. Re1 f5 {Threatens to win with ...Rb2.} 34. g4 g6 35. f3 $2 (35. gxf5 {keeps fighting.} gxf5 36. Kf1) 35... Rb2+ 36. Kh3 Rxa2 37. fxe4 {And now Bb6 would win.} Rxa5 38. exf5 {[#]} Ra4 $1 39. fxg6 hxg6 ({Not} 39... Rxc4 40. Re8+ Kg7 41. gxh7 $17) 40. Kh4 $2 (40. Kg3 Rxc4 41. Kf4) 40... Rxc4 41. Kg5 d3 {Weighted Error Value: White=0.49/Black=0.09} 0-1

[Event "10th Konjic 2021"]
[Site "Konjic"]
[Date "2021.02.28"]
[Round "4.2"]
[White "Stocko, Josip"]
[Black "Runic, Zoran"]
[Result "0-1"]
[WhiteElo "2230"]
[BlackElo "2378"]
[Annotator "TA"]
[PlyCount "100"]
[EventDate "2021.02.26"]
[EventType "tourn"]
[EventCountry "BIH"]
[SourceTitle "playchess.com"]
[Source "ChessBase"]
[SourceQuality "1"]

{[%evp 18,100,30,33,54,50,59,27,26,25,28,24,23,-14,-2,-27,0,0,0,-38,-35,-18,-32,-31,-26,-33,-30,-41,-38,-54,-34,-80,-20,-105,-104,-116,-98,-114,-29,-26,0,-67,-58,-65,-69,-77,-76,-72,-66,-97,-14,-17,0,0,22,-6,0,-67,-57,-166,-151,-144,-138,-285,-261,-269,-229,-237,-237,-274,-303,-343,-233,-558,-552,-520,-510,-588,-585,-1795,-1810,-1884,-1575,-1842,-1545]} 1. e4 Nf6 2. Nc3 e5 3. Nf3 d6 4. d4 Nbd7 5. Bc4 Be7 6. a4 a5 7. O-O O-O 8. Re1 c6 9. h3 exd4 10. Qxd4 Ne8 {C41: Philidor Defence.} 11. Bf4 Nc5 12. Rad1 (12. Qe3 {is more complex.} Be6 13. Bf1 Qb6 14. Rad1 Rd8 15. Nd4) 12... Ne6 {White has an edge.} 13. Bxe6 fxe6 14. Qe3 Qc7 15. e5 {And now exd6 would win.} d5 16. Ne2 {[#]} b6 $146 ({Predecessor:} 16... Qd8 17. h4 Nc7 18. Bg5 Na6 19. Nf4 Bd7 20. Bxe7 Qxe7 21. Ng5 Nc5 22. Rd4 Be8 {0-1 (53) Delfino,L (2221)-Lazic,M (2457) Campobasso 2013}) 17. Nfd4 Qd7 18. Bg5 Bxg5 19. Qxg5 Nc7 20. b3 c5 21. Nf3 Bb7 22. Ng3 Qf7 23. Rd2 h6 24. Qg4 Qf4 (24... d4 $17 {[%cal Rb7f3]} 25. Ne4 Bxe4 26. Rxe4 Nd5) 25. Nh5 (25. Qg6 $11 {remains equal.} Qf7 26. Nh4) 25... Qxg4 $17 26. hxg4 d4 27. Nh4 Kh7 (27... Nd5 $17 28. Ng6 Rf7) 28. c3 $11 g5 (28... dxc3 $2 29. Rd7 $18) 29. Nf6+ {[#]} (29. Nf3 $1 $11) 29... Rxf6 $1 $15 30. exf6 gxh4 31. cxd4 Rd8 32. Red1 {Black should prevent dxc5.} cxd4 33. Rxd4 Rxd4 ({Black should try} 33... Rd5 $17 34. Rxd5 Bxd5) 34. Rxd4 $11 {[#] Rd7+ is the strong threat.} Nd5 35. Re4 Bc8 36. Rc4 {Threatens to win with f7.} Bd7 37. f4 (37. Kh2 $11) 37... Kg6 $1 $15 ({Of course not} 37... Nxf6 $6 38. Rc7 $14) 38. g5 (38. Kh2 $15) 38... Be8 39. gxh6 Kxh6 ({Reject} 39... Nxf6 $6 40. Rd4 $11) 40. f5 {This move loses the game for White.} (40. Rc8 $17 {is a better defense.} Bf7 41. Rh8+ Kg6 42. Rxh4) 40... exf5 $19 41. Rxh4+ Kg6 42. Kf2 Kxf6 43. Rh8 Bf7 44. Kf3 Kg5 45. g3 $2 (45. Kf2 {is tougher.}) 45... Bh5+ {Black is clearly winning.} 46. Kf2 Bd1 47. Rd8 Bxb3 48. Rd6 f4 49. gxf4+ Kxf4 50. Ke2 Ke5 {Weighted Error Value: White=0.53/Black=0.16} 0-1

[Event "10th Konjic 2021"]
[Site "Konjic"]
[Date "2021.02.28"]
[Round "4.3"]
[White "Muratovic, Efim"]
[Black "Kamer, Kayra"]
[Result "0-1"]
[WhiteElo "2365"]
[BlackElo "2339"]
[Annotator "TA"]
[PlyCount "98"]
[EventDate "2021.02.26"]
[EventType "tourn"]
[EventCountry "BIH"]
[SourceTitle "playchess.com"]
[Source "ChessBase"]
[SourceQuality "1"]

{[%evp 9,98,4,24,17,20,0,0,0,-12,-10,-4,-18,69,25,109,112,108,102,110,114,108,62,104,41,57,36,81,80,84,30,48,12,62,43,48,34,28,8,17,8,10,10,10,10,58,0,0,0,0,0,0,0,0,0,0,-20,-19,-81,-58,-101,-101,-101,-101,-117,-108,-101,-93,-117,-117,-372,-425,-415,-420,-414,-416,-362,-387,-533,-528,-585,-571,-524,-515,-822,-732,-4520,-2226,-5093,-4642,-1727,-813]} 1. c4 g6 2. g3 Bg7 3. Bg2 e5 4. Nc3 Ne7 5. Nf3 d5 6. cxd5 {A21: English Opening: 1...e5 2 Nc3.} Nxd5 7. Qa4+ c6 8. Nxd5 {The position is equal.} Qxd5 9. d3 {[#]} O-O $146 ({Predecessor:} 9... Nd7 10. h4 Nc5 11. Qa3 O-O 12. h5 Re8 13. hxg6 hxg6 14. Kf1 Ne6 15. Bh6 Qc5 16. Qxc5 Nxc5 {1-0 (56) Sergeev,V (2452)-Dubinka,I (2340) Alushta 1999}) 10. O-O b6 (10... Na6 $11) 11. Bg5 h6 {[#]} (11... Bb7 $11) 12. Qh4 $1 $16 h5 13. Bf6 $1 Qe6 14. Bxg7 Kxg7 15. Rfc1 f6 16. b4 (16. Qe4 $16) 16... Bb7 17. Nd2 Rf7 18. Qc4 Qe7 19. a4 ({White should try} 19. a3 $16) 19... Na6 $1 $11 {[%cal Bb8a6,Ba6c7,Bc7e6,Be6d4][%mdl 32]} 20. Rab1 Rc8 21. a5 Nc7 22. axb6 axb6 23. Bxc6 Ne6 24. Qe4 Rxc6 25. Rxc6 {aiming for Nf3.} Nd4 {[%mdl 64] Pin} 26. b5 Qd7 {[%mdl 64] [#] Pin} 27. Nf3 $1 Nxc6 28. bxc6 Bxc6 29. Qe3 b5 {[%cal Bb6b5,Bb5b4,Bb4b3][%mdl 32]} 30. Nd2 Qd5 {[%csl Gc6][%cal Rd5h1]} 31. f3 Rb7 32. Ra1 (32. Nb3 {with more complications.} b4 33. d4 Qd6 34. dxe5 fxe5 35. Kf2) 32... b4 33. Ra7 (33. Kf2 $11 {keeps the balance.}) 33... Qd7 34. Rxb7 Qxb7 35. Nc4 b3 $36 {[%mdl 2048] Threatens to win with ...b2. Black has strong initiative.} 36. Qc5 Bd5 {...Bxc4 is the strong threat.} ({Much worse is} 36... b2 $6 37. Nxb2 Qxb2 38. Qe7+ Kh6 39. Qf8+ Kh7 40. Qe7+ Kh6 41. Qf8+ Kh7 42. Qe7+ Kh6 $11) 37. Nb2 Bf7 38. Kf2 Qa6 {White must now prevent ...Qa1.} 39. d4 $2 {[%mdl 8192] Now White is beyond hope.} (39. Qc7 $17) 39... Qa1 $19 40. Qc3 {[#]} exd4 41. Qxd4 {[#]} Qh1 $1 42. h4 Qh2+ 43. Ke3 {Now Qd6 and White clings on.} Qxg3 {Black is clearly winning.} 44. Kd2 g5 45. hxg5 Qxg5+ 46. f4 (46. Ke1 $142 h4 47. Kf1) 46... Qd5 47. Qxd5 Bxd5 48. Nd1 h4 49. Nf2 f5 {Weighted Error Value: White=0.52/Black=0.14} (49... Bg2 $142 50. Kc3 h3 51. Nxh3 Bxh3 52. Kxb3 Bg2) 0-1

[Event "10th Konjic 2021"]
[Site "Konjic"]
[Date "2021.02.28"]
[Round "4.4"]
[White "Burovic, Rijad"]
[Black "Dumpor, Atif"]
[Result "1-0"]
[WhiteElo "2444"]
[BlackElo "2268"]
[Annotator "TA"]
[PlyCount "81"]
[EventDate "2021.02.26"]
[EventType "tourn"]
[EventCountry "BIH"]
[SourceTitle "playchess.com"]
[Source "ChessBase"]
[SourceQuality "1"]

{[%evp 14,81,62,55,64,57,78,54,79,74,66,75,98,55,99,100,91,91,98,82,94,0,73,0,83,84,94,92,93,107,134,127,123,125,125,99,123,112,129,122,103,82,105,108,211,215,199,268,268,258,260,241,229,241,297,230,312,312,362,310,29973,29974,29974,29974,29984,29973,29988,29989,29987,29987]} 1. e4 d5 2. exd5 Qxd5 3. Nf3 Nf6 4. Be2 g6 5. O-O Bg7 6. d4 O-O 7. c4 Qd8 8. Nc3 c5 {B01: Scandinavian Defence.} 9. d5 e6 10. Bf4 exd5 {White is slightly better.} 11. cxd5 {[#]} a6 $146 ({Predecessor:} 11... Bf5 12. Qb3 Qb6 13. Qxb6 axb6 14. Bc7 Nbd7 15. Bb5 Ne8 16. Bf4 Ndf6 17. h3 Rd8 {½-½ (65) Zoltan,A (2078)-Darazs,Z (2245) Budapest 2008}) 12. a4 Re8 13. Re1 Nbd7 14. Qb3 Qb6 15. Qa2 Qb4 16. Bd2 Qb6 17. Bf4 Qb4 $1 {[%cal Rb4f4]} 18. Bd2 {Strongly threatening Nb5.} (18. Bg3 {is interesting.} Nf8 19. h3 Bd7 20. Ne5 Bf5 21. d6) 18... Qb6 19. Bc4 Rxe1+ 20. Rxe1 ({Don't play} 20. Bxe1 $6 Qd6 $11) 20... Qd6 21. Bg5 h6 {[#]} 22. Bh4 b5 {[#]} 23. Bg3 $1 Qf8 24. axb5 Nb6 {Threatens to win with ...axb5.} 25. bxa6 Nxc4 26. Qxc4 {Black must now prevent Ra1.} Bxa6 27. Qb3 $36 {[%mdl 2048] White has strong initiative.} Qd8 28. Ne5 Rb8 (28... Nd7 $16) 29. Qa3 {Nc6 is the strong threat.} Qb6 {[#]} 30. Nxg6 $1 {[%mdl 512]} Qxb2 31. Ne7+ (31. Qxc5 Rb3 $11) 31... Kh7 32. Qxa6 ({Weaker is} 32. Qxc5 Nd7 $17) 32... Qxc3 {[#]} 33. Rf1 Rb2 34. d6 Rd2 35. Qc8 {And now Qf5+ would win.} Qc2 36. h3 {Hoping for Be5.} c4 $2 (36... Qe4 $18 37. Qxc5 Nd5) 37. Be5 {White mates.} Rd1 38. Rxd1 Qxd1+ 39. Kh2 h5 40. Qf5+ Kh8 41. f4 {Weighted Error Value: White=0.10/Black=0.33} 1-0

[Event "10th Konjic 2021"]
[Site "Konjic"]
[Date "2021.02.28"]
[Round "4.5"]
[White "Mrndjic, Muamer"]
[Black "Ristic, Nenad"]
[Result "1/2-1/2"]
[WhiteElo "2257"]
[BlackElo "2330"]
[Annotator "TA"]
[PlyCount "50"]
[EventDate "2021.02.26"]
[EventType "tourn"]
[EventCountry "BIH"]
[SourceTitle "playchess.com"]
[Source "ChessBase"]
[SourceQuality "1"]

{[%evp 16,50,1,7,0,0,12,5,22,10,35,42,45,16,53,50,54,9,20,-19,-20,-15,-20,-27,0,0,10,2,2,6,8,3,0,0,0,-10,-9]} 1. e4 e5 2. Nf3 Nf6 3. Nxe5 d6 4. Nf3 Nxe4 5. Qe2 Qe7 6. d3 Nf6 7. Bg5 Qxe2+ 8. Bxe2 Be7 9. O-O h6 {C42: Petroff Defence: 3 Nxe5 and unusual White 3rd moves.} 10. Bh4 Nd5 11. Bxe7 {[#]} Nxe7 $146 ({Predecessor:} 11... Kxe7 12. Re1 Nc6 13. Nc3 Be6 14. Nxd5+ Bxd5 15. a3 Kf6 16. c3 Rhe8 17. Nd2 g5 18. d4 Re7 19. Bd3 Rae8 20. Rxe7 Rxe7 21. Nf1 Be6 {½-½ (21) Krauss,A (1885)-Herich,M (2073) Bayern 2015}) 12. Nc3 c6 13. Ne4 Kd7 14. c4 Na6 15. d4 Re8 16. c5 (16. Nc3 {seems wilder.} Kc7 17. a3 Bg4 18. b4 Ng6 19. h3) 16... Nd5 17. Bxa6 {[#] Threatens to win with Bd3.} (17. Ng3 {is more complex.} dxc5 18. Bxa6 bxa6 19. dxc5 Kc7 20. Rae1) 17... Rxe4 18. Bd3 Re7 19. Rfe1 dxc5 (19... Kc7 {keeps more tension.} 20. Bc4 Rxe1+ 21. Rxe1 Be6 22. Bxd5 cxd5 23. Kf1 Kc6) 20. dxc5 {The position is equal.} Kd8 (20... Ke8 {with more complications.} 21. Nd4 Be6 22. Bc4 Rd8 23. Nxe6 Rxe6 24. f3 Rxe1+ 25. Rxe1+ Ne7) 21. Bc4 Rxe1+ 22. Rxe1 Be6 23. Nd4 Kd7 24. Bxd5 Bxd5 25. a3 g6 {Weighted Error Value: White=0.09/Black=0.10} 1/2-1/2